| 000 | 00661nam a2200229 a 4500 | ||
|---|---|---|---|
| 999 |
_c1469 _d1469 |
||
| 001 | 1469 | ||
| 003 | BD-JhCC | ||
| 005 | 20171019203653.0 | ||
| 008 | 171019s2009 bg |||| |||| 00| 0 ben d | ||
| 020 | _a9847015600891 | ||
| 035 | _a(BD-JhCC)1469 | ||
| 040 |
_aBD-JhCC _dBD-JhCC |
||
| 041 | _aben | ||
| 082 |
_a709.5492 _bOMO 1999 |
||
| 245 |
_aঅমর্ত্য সেন ও বাংলাদেশ / _cশফি আহমেদ (অনু.) |
||
| 260 |
_aঢাকা : _bঅন্য প্রকাশনী, |
||
| 300 |
_a144 p. : _c21 cm. |
||
| 650 | _aBiogaraphy | ||
| 700 | _aআহমেদ, শফি | ||
| 942 |
_2ddc _cBK |
||